Представление документа в формате RUSMARC

ПолеНазваниеЗначение
  Тип записи a
  Библиографический уровень m
001 Контрольный номер Book/4881
005 Дата корректировки 20240209174422.5
010 Индекс ISBN __
a ISBN 978-5-488-01571-5
b Уточнения в пер.
d Цена 195 р. 00 к.
9 Тираж 7000 экз.
090 Данные записи __
a Состояние записи 63.3(0)
b Тип записи Книги
c Язык записи Русский
d Отрасль знаний (КСУ) Другая
e Секретность Несекретно
g Вид записи Монография (однотомник)
x Дата передачи записи для обработки М19
100 Данные общей обработки __
a Данные общей обработки 20100519d2013 u u 1rusy ||||ca
101 Язык документа 0_
a Язык текста rus
105 Кодированные данные (монография) __
a Кодированные данные (монография) a z 000yy
200 Заглавие и сведения об ответственности 1_
a Заглавие Тайны погибших кораблей
b Общее обозначение материала Текст
f Первые сведения об ответственности В. И. Малов
210 Выходные данные 1_
a Место издания Москва
c Издательство ОНИКС
d Дата издания 2008
215 Физическое описание __
a Объем 252 с.
c Иллюстрации/тип воспроизводства ил.
d Формат см.
225 Серия 1_
a Серия Библиотека открытий
300 Общие примечания __
a Общие примечания Ограничения по возрасту - 16+
606 Тематические рубрики 0_
a Основная рубрика Корабли - История
610 Ключевые слова 0_
a Ключевые слова мореплавание
a Ключевые слова секреты кораблестроителей
a Ключевые слова суда затонувшие
a Ключевые слова тайны фрегатов
a Ключевые слова исторические события
686 Индексы других классификаций __
a Классификационный индекс 63.3(0)
2 Код системы rubbk
700 Автор _1
a Фамилия Малов
b Имя (инициалы) Владимир Игоревич
g Полное личное имя В. И.
801 Источник записи _0
a Страна RU
b Организация МБУК ЦБС г. Ульяновска
c Дата составления 20100519
801 Источник записи _1
a Страна RU
b Организация МБУК ЦБС г. Ульяновска
c Дата составления 20100519
801 Источник записи _2
a Страна RU
b Организация МБУК ЦБС г. Ульяновска
c Дата составления 20111005
899 Данные о местонахождении __
3 Книга № 25010
a Местонахождение 1 ф
i Авторский знак М 19
j Расстановочный фильтр 63.3(0)
d Название фонда Инв.книга №1
q Состояние Свободно
x Инвентарный номер 138808
899 Данные о местонахождении __
3 Книга № 25011
a Местонахождение 8 ф
i Авторский знак М19
d Название фонда Инв.книга №1
h Классификационная часть РШ 63.3(0)
q Состояние Свободно
x Инвентарный номер 138808
899 Данные о местонахождении __
3 Книга № 25012
a Местонахождение 28 ф
i Авторский знак М19
d Название фонда Инв.книга №1
h Классификационная часть РШ 63.3(0)
q Состояние Свободно
x Инвентарный номер 138808
899 Данные о местонахождении __
3 Книга № 25013
a Местонахождение 31 ф
i Авторский знак М19
d Название фонда Инв.книга №1
h Классификационная часть РШ 63.3(0)
q Состояние Свободно
x Инвентарный номер 138808
899 Данные о местонахождении __
3 Книга № 9700
a Местонахождение 11 ф
i Авторский знак М19
d Название фонда Инв.книга №1
h Классификационная часть РШ 63.3(0)
q Состояние Свободно
x Инвентарный номер 138808
899 Данные о местонахождении __
3 Книга № 9701
a Местонахождение 13 ф
i Авторский знак М19
d Название фонда Инв.книга №1
h Классификационная часть РШ 63.3(0)
q Состояние Свободно
x Инвентарный номер 138808
899 Данные о местонахождении __
3 Книга № 9702
a Местонахождение 28 ф
i Авторский знак М19
d Название фонда Инв.книга №1
h Классификационная часть РШ 63.3(0)
q Состояние Свободно
x Инвентарный номер 138808
899 Данные о местонахождении __
3 Книга № 9703
a Местонахождение 30 ф
i Авторский знак М19
d Название фонда Инв.книга №1
h Классификационная часть РШ 63.3(0)
q Состояние Свободно
x Инвентарный номер 138808
901 Тип документа __
t Тип документа m
910 Корректоры записи __
a Корректор записи Хисамова